85 science projects / (Record no. 155703)

MARC details
000 -LEADER
fixed length control field 00574nam a22001937a 4500
005 - DATE AND TIME OF LATEST TRANSACTION
control field 20180809125932.0
010 ## - LCCN (DPL NO)
LC control number B-701228
020 ## - INTERNATIONAL STANDARD BOOK NUMBER
International Standard Book Number 9789387775777
Terms of availability 400.00
035 ## - SYSTEM CONTROL NUMBER
System control number B-701228
037 ## - SOURCE OF ACQUISITION
Stock number DPL
Source of stock number/acquisition DBAD
082 ## - DEWEY DECIMAL CLASSIFICATION NUMBER
Classification number 507.8
100 ## - MAIN ENTRY--PERSONAL NAME
Personal name Kapoor, Rashmi
245 ## - TITLE STATEMENT
Title 85 science projects /
260 ## - PUBLICATION, DISTRIBUTION, ETC. (IMPRINT)
Place of publication, distribution, etc New Delhi
Name of publisher, distributor, etc Akashdeep Pub.
Date of publication, distribution, etc 2016
270 ## - ADDRESS
Address 1/1079 E, Mehrauli,
City New Delhi
Postal code 110030
300 ## - PHYSICAL DESCRIPTION
Extent 96p.
Dimensions 25cm(Hb)
942 ## - ADDED ENTRY ELEMENTS (KOHA)
Source of classification or shelving scheme Dewey Decimal Classification
Item type Children Books
Call number suffix KAP
Classification part 507.8
Holdings
Withdrawn status Lost status Not for loan Collection code Home library Current library Date acquired Source of acquisition Cost, normal purchase price Full call number Barcode Copy number Cost, replacement price Koha item type
      Non-fiction Ashok Vihar Ashok Vihar 09/08/2018 DBAD/Children/Gift/02.08.2018 400.00 507.8 KAP B-701228 1 400.00 Children Books

© Delhi Public Library
Hit Counter
free hit counter